<?xml version="1.0" encoding="UTF-8"?>
<record
    xmlns:xsi="http://www.w3.org/2001/XMLSchema-instance"
    xsi:schemaLocation="http://www.loc.gov/MARC21/slim http://www.loc.gov/standards/marcxml/schema/MARC21slim.xsd"
    xmlns="http://www.loc.gov/MARC21/slim">

  <leader>04403cam a22003494a 4500</leader>
  <controlfield tag="001">14064613</controlfield>
  <controlfield tag="005">20080307084534.0</controlfield>
  <controlfield tag="008">050804s2007    njua     b    001 0 eng  </controlfield>
  <datafield tag="010" ind1=" " ind2=" ">
    <subfield code="a">2005022367</subfield>
  </datafield>
  <datafield tag="020" ind1=" " ind2=" ">
    <subfield code="a">0471736368 (pbk. : alk. paper)</subfield>
  </datafield>
  <datafield tag="020" ind1=" " ind2=" ">
    <subfield code="a">9780471736363</subfield>
  </datafield>
  <datafield tag="035" ind1=" " ind2=" ">
    <subfield code="a">(OCoLC)ocm61362038</subfield>
  </datafield>
  <datafield tag="040" ind1=" " ind2=" ">
    <subfield code="a">DLC</subfield>
    <subfield code="c">DLC</subfield>
    <subfield code="d">BAKER</subfield>
    <subfield code="d">C#P</subfield>
    <subfield code="d">DLC</subfield>
  </datafield>
  <datafield tag="042" ind1=" " ind2=" ">
    <subfield code="a">pcc</subfield>
  </datafield>
  <datafield tag="050" ind1="0" ind2="0">
    <subfield code="a">T58.5</subfield>
    <subfield code="b">.R35 2007</subfield>
  </datafield>
  <datafield tag="082" ind1="0" ind2="0">
    <subfield code="a">004</subfield>
    <subfield code="2">22</subfield>
    <subfield code="b">RAI</subfield>
  </datafield>
  <datafield tag="100" ind1="1" ind2=" ">
    <subfield code="a">Rainer, R. Kelly</subfield>
    <subfield code="q">(Rex Kelly)</subfield>
  </datafield>
  <datafield tag="245" ind1="1" ind2="0">
    <subfield code="a">Introduction to Information Systems :</subfield>
    <subfield code="b">Supporting and Transforming Business /</subfield>
    <subfield code="c">R. Kelly Rainer, Jr., Efraim Turban, Richard E. Potter ; with contributions by Dana Newton.</subfield>
  </datafield>
  <datafield tag="260" ind1=" " ind2=" ">
    <subfield code="a">Hoboken, NJ :</subfield>
    <subfield code="b">John Wiley &amp; sons ,</subfield>
    <subfield code="c">c2007.</subfield>
  </datafield>
  <datafield tag="300" ind1=" " ind2=" ">
    <subfield code="a">xiv, 411 p. :</subfield>
    <subfield code="b">ill. (chiefly col.) ;</subfield>
    <subfield code="c">26 cm.</subfield>
  </datafield>
  <datafield tag="504" ind1=" " ind2=" ">
    <subfield code="a">Includes bibliographical references (p. 381-386) and index.</subfield>
  </datafield>
  <datafield tag="505" ind1="0" ind2=" ">
    <subfield code="a">Information systems : concepts and management -- 1.1 Information systems : concepts and definitions -- 1.2 Types of information systems -- 1.3 Examples of information systems -- 1.4 Managing information resources -- 1.5 The plan of this book -- The modern organization in the digital economy -- 2.1 Doing business in the digital economy -- 2.2 Business pressures, organizational responses, and IT support -- 2.3 Competitive advantage and strategic information systems -- 2.4 Why should you learn about information technology? -- Ethics, privacy, and information security -- 3.1 Ethical issues -- 3.2 Threats to information security -- 3.3 Protecting information resources -- Data and knowledge management -- 4.1 Managing data -- 4.2 The database approach -- 4.3 Database management systems -- 4.4 Data warehousing -- 4.5 Data visualization technologies -- 4.6 Knowledge management -- Network computing -- 5.1 Types of networks -- 5.2 The internet -- 5.3 The World Wide Web -- 5.4 Network applications -- 5.5 E-learning and distance learning -- 5.6 Telecommuting -- E-business and e-commerce -- 6.1 Overview of e-business and e-commerce -- 6.2 Business-to-consumer (B2C) electronic commerce -- 6.3 Business-to-business (B2B) electronic commerce -- 6.4 Electronic payments -- 6.5 Ethical and legal issues in e-business -- Wireless, mobile computing, and mobile commerce -- 7.1 Wireless technologies -- 7.2 Wireless computer networks and internet access -- 7.3 Mobile computing and mobile commerce -- 7.4 Pervasive computing -- 7.5 Wireless security -- Organizational information systems -- 8.1 Transaction processing systems -- 8.2 Functional information systems -- 8.3 Enterprise resource planning systems -- 8.4 Customer relationship management -- 8.5 Supply chain management systems -- 8.6 Electronic data interchange and extranets -- Managerial support systems -- 9.1 Managers and decision making -- 9.2 Decision support systems -- 9.3 Enterprise and executive decision support systems -- 9.4 Intelligent systems -- Acquiring IT applications -- 10.1 Planning for and justifying IT applications -- 10.2 Strategies for acquiring IT applications -- 10.3 The traditional systems development life cycle -- 10.4 Alternative methods and tools for systems development -- 10.5 Outsourcing and application service providers -- 10.6 Vendor and software selection -- Technology guide 1 Computer hardware -- Tg1.1 Introduction -- Tg1.2 The central processing unit -- Tg1.3 Computer memory -- Tg1.4 Computer hierarchy -- Tg1.5 Input and output technologies -- Tg1.6 General technological trends -- Tg1.7 Strategic hardware issues -- Technology guide 2 Introduction -- Tg 2.1 Significance of software -- Tg 2.2 Systems software -- Tg 2.3 Application software -- Tg 2.4 Software issues -- Tg 2.5 Programming languages.</subfield>
  </datafield>
  <datafield tag="650" ind1=" " ind2="0">
    <subfield code="a">Information technology.</subfield>
  </datafield>
  <datafield tag="700" ind1="1" ind2=" ">
    <subfield code="a">Turban, Efraim.</subfield>
  </datafield>
  <datafield tag="700" ind1="1" ind2=" ">
    <subfield code="a">Potter, Richard E.</subfield>
  </datafield>
  <datafield tag="856" ind1="4" ind2="1">
    <subfield code="3">Table of contents only</subfield>
    <subfield code="u">http://www.loc.gov/catdir/toc/ecip0518/2005022367.html</subfield>
  </datafield>
  <datafield tag="856" ind1="4" ind2="2">
    <subfield code="3">Publisher description</subfield>
    <subfield code="u">http://www.loc.gov/catdir/enhancements/fy0645/2005022367-d.html</subfield>
  </datafield>
  <datafield tag="856" ind1="4" ind2="2">
    <subfield code="3">Contributor biographical information</subfield>
    <subfield code="u">http://www.loc.gov/catdir/enhancements/fy0814/2005022367-b.html</subfield>
  </datafield>
  <datafield tag="942" ind1=" " ind2=" ">
    <subfield code="2">ddc</subfield>
    <subfield code="c">BB</subfield>
  </datafield>
  <datafield tag="999" ind1=" " ind2=" ">
    <subfield code="c">10602</subfield>
    <subfield code="d">10602</subfield>
  </datafield>
  <datafield tag="952" ind1=" " ind2=" ">
    <subfield code="0">0</subfield>
    <subfield code="1">0</subfield>
    <subfield code="2">ddc</subfield>
    <subfield code="4">0</subfield>
    <subfield code="7">0</subfield>
    <subfield code="8">Alahram</subfield>
    <subfield code="a">MAIN</subfield>
    <subfield code="b">MAIN</subfield>
    <subfield code="c">LOW</subfield>
    <subfield code="d">2009-02-02</subfield>
    <subfield code="e">purchase</subfield>
    <subfield code="g">294.00</subfield>
    <subfield code="h">6465</subfield>
    <subfield code="l">13</subfield>
    <subfield code="m">12</subfield>
    <subfield code="o">004 RAI</subfield>
    <subfield code="p">000014497</subfield>
    <subfield code="r">2025-07-15 00:00:00</subfield>
    <subfield code="s">2018-09-16</subfield>
    <subfield code="y">BB</subfield>
  </datafield>
</record>
